000 00574cam a2200205ua 4500
001 9979
005 20260515114541.0
008 170228n ii |||gr||||Z||||||mul
020 _a9788192178622
040 _cMAIN
041 _amul
082 _a891.451
100 _aNath, Phanindra Kumar,
_eEditor.
245 _aDarrang Udalguri :
_baitijya aru sanskriti /
_cEdited by Phanindra Kumar Nath and Dimbeswar Baruah .
260 _aGuwahati:
_bACTA,
_c2016.
300 _a384p.
653 _aMultilingual articles
700 _aBaruah, Dimbeswar,
_eEditor.
942 _cBK
999 _c8972
_d8972